The Subversive imagination : (Record no. 4)

MARC details
000 -LEADER
campo de control de longitud fija 02116fam a2200325 a 4500
001 - NÚMERO DE CONTROL
campo de control 1433375
003 - IDENTIFICADOR DE NÚMERO DE CONTROL
campo de control 000018
005 - FECHA Y HORA DE LA ÚLTIMA TRANSACCIÓN
campo de control 20220326193244.0
008 - DATOS DE LONGITUD FIJA--INFORMACIÓN GENERAL
campo de control de longitud fija 930820s1994 nyua b 001 0 eng
010 ## - NÚMERO DE CONTROL DE LA BIBLIOTECA DEL CONGRESO
Número de control de LC 93036230
020 ## - NÚMERO INTERNACIONAL ESTÁNDAR DEL LIBRO
Número Internacional Estándar del Libro 0415905915
020 ## - NÚMERO INTERNACIONAL ESTÁNDAR DEL LIBRO
Número Internacional Estándar del Libro 0415905923 (pbk.)
035 ## - NÚMERO DE CONTROL DEL SISTEMA
Número de control de sistema (OCoLC)28890180
035 ## - NÚMERO DE CONTROL DEL SISTEMA
Número de control de sistema (OCoLC)ocm28890180
035 ## - NÚMERO DE CONTROL DEL SISTEMA
Número de control de sistema (NNC)1433375
040 ## - FUENTE DE CATALOGACIÓN
Centro catalogador/agencia de origen DLC
Centro/agencia transcriptor DLC
Centro/agencia modificador NNC
050 00 - SIGNATURA TOPOGRÁFICA DE LA BIBLIOTECA DEL CONGRESO
Número de clasificación NX180.A77
Número de ítem S83 1994
082 00 - NÚMERO DE LA CLASIFICACIÓN DECIMAL DEWEY
Número de clasificación 700.103
Número de ítem B395.s
245 04 - MENCIÓN DEL TÍTULO
Título The Subversive imagination :
Resto del título artist, society, and social responsibility /
Mención de responsabilidad, etc. Carol Becker, editor.
260 ## - PUBLICACIÓN, DISTRIBUCIÓN, ETC.
Lugar de publicación, distribución, etc. New York :
Nombre del editor, distribuidor, etc. Routledge,
Fecha de publicación, distribución, etc. 1994.
263 ## - FECHA PROYECTADA DE PUBLICACIÓN
Fecha proyectada de publicación 9403
300 ## - DESCRIPCIÓN FÍSICA
Extensión xx, 258 p. :
Otras características físicas ill. ;
Dimensiones 24 cm.
504 ## - NOTA DE BIBLIOGRAFÍA, ETC.
Nota de bibliografía, etc. Includes bibliographical references and index.
505 0# - NOTA DE CONTENIDO CON FORMATO
Nota de contenido con formato Introduction: Presenting the Problem / Carol Becker -- Pt. 1. Personal Responsibility and Political Contingencies. 1. The Prehistory of Art: Cultural Practices and Athenian Democracy / Page duBois. 2. A Plea for Irresponsibility / Ewa Kuryluk. 3. Dead Doll Prophecy / Kathy Acker. 4. The Heuristic Power of Art / Elizam Escobar. 5. Place, Position, Power, Politics / Martha Rosler. 6. The Velvet Revolution and Iron Necessity / Eva Hauser. 7. El Diario de Miranda/Miranda's Diary / Coco Fusco -- Pt. 2. Decolonizing the Imagination. 8. Herbert Marcuse and the Subversive Potential of Art / Carol Becker. 9. East and West - The Twain Do Meet: A Tale of More than Two Worlds / Felipe Ehrenberg. 10. Defining South African Literature for a New Nation / Njabulo S. Ndebele. 11. The Politics of Black Masculinity and the Ghetto in Black Film / Michael Eric Dyson. 12. Adjusting to the World According to Salman Rushdie / Ahmad Sadri -- Pt. 3. Theorizing the Future.
505 0# - NOTA DE CONTENIDO CON FORMATO
Nota de contenido con formato 13. Benetton's "World Without Borders": Buying Social Change / Henry A. Giroux. 14. The Free Art Agreement/El Tratado de Libre Cultura / Guillermo Gomez-Pena. 15. Dissed and Disconnected: Notes on Present Ills and Future Dreams / B. Ruby Rich.
650 #0 - PUNTO DE ACCESO ADICIONAL DE MATERIA--TÉRMINO DE MATERIA
Término de materia o nombre geográfico como elemento de entrada Artists and community.
9 (RLIN) 6
650 #0 - PUNTO DE ACCESO ADICIONAL DE MATERIA--TÉRMINO DE MATERIA
Término de materia o nombre geográfico como elemento de entrada Artists
Subdivisión general Psychology.
9 (RLIN) 7
700 1# - ENTRADA AGREGADA--NOMBRE PERSONAL
Nombre de persona Becker, Carol.
9 (RLIN) 8
Holdings
Estatus retirado Estado de pérdida Fuente del sistema de clasificación o colocación Estado de daño No para préstamo Biblioteca de origen Biblioteca actual Fecha de adquisición Total de préstamos Signatura topográfica completa Código de barras Visto por última vez Precio de reemplazo Tipo de ítem Koha
    Clasificación Decimal Dewey     Biblioteca LadoV Biblioteca LadoV 06/02/2014   700.103 B395.s 000018 06/02/2014 06/02/2014 Material 01